Statistics for Pixar Movie by Human Character

Click here to take the quiz!

General Stats

  • This quiz has been taken 31 times
  • The average score is 6 of 10

Answer Stats

Hint Answer % Correct
AndyToy Story
100%
BooMonsters Inc
96%
RileyInside Out
79%
DashThe Incredibles
71%
DarlaFinding Nemo
71%
AlfredoRatatouille
46%
HamishBrave
39%
CharlesUp
39%
SpotThe Good Dinosaur
32%
JohnWall-E
21%

Score Distribution

Percentile by Number Answered

Percent of People with Each Score

Your Score History

You have not taken this quiz